000 00297nam a22001337a 4500
008 180928b xxu||||| |||| 00| 0 eng d
020 _a0913515183
041 _aeng
080 _a721
100 _a41
101 _aARK
245 _aClues to American Architecture
_cKlein, M.W
942 _2udc
_cBK
999 _c48660
_d48660